Documentos de Estudio. Realidad Centroaméricana. Integración y Dependencia en Centroamérica

Guardado en:
書目詳細資料
格式: Texto
出版: s.l: INCEP
標簽: 添加標簽
沒有標簽, 成為第一個標記此記錄!

MARC

LEADER 00000 a a2200000 04500
001 25332
003
040
090 |a 150029  
245 |a Documentos de Estudio. Realidad Centroaméricana. Integración y Dependencia en Centroamérica  
260 |a s.l:   |b INCEP  
300 |a pag. cortada  
999 |c 9524  |d 9524